Statistiques concernant Appellations Vins de Champagne

Cliquez ici pour prendre le quiz!

Statistiques générales

  • Ce quiz a été pris 92 fois
  • Le résultat moyen est 4 sur 13

Statistiques - réponses

Champagnes% Correct
EFSCôte des Blancs
58%
EFSMontagne de Reims
58%
EFSChampagne
55%
EFSVallée de la Marne
39%
EFSCôte des Bar
37%
RoséRosé des Riceys
37%
R,B,RCoteaux Champenois
29%
EFSCôte de Sézanne
21%
EFSVitry-le-François
21%
EFS,BMontgueux
8%
R,BBouzy
5%
IGP,LiRatafia Champenois
3%
AOR,EDVVieux Marc
0%

Distribution des résultats

Percentile par nombre de réponses

% des personnes avec chaque résultat

Votre développement - résultats

Vous n’avez pas pris ce quiz